1144 1559 1334 1240 1663 1878 1662 1108 1977 1004 1526 1348 1586 1872 1158 1456 1219 1893 1958 1265 1232 1446 1525 1582 1490 1419 1258 1341 1198 1983 1929 1659 1455 1701 1684 1033 1108 1809 1033 1134 1977 1539 1320 1078 1094 1875 1501 1169 1085 1369 1836 1686 1881 1578 1886 1437 1266 1097 1858 1104 1237 1974 1514 1695 1013 1370 1465 1795 1550 1260 1085 1298 1674 1937 1571 1482 1021 1547 1600 1135 1305 1463 1561 1116 1629 1547 1073 1065 1240 1278 1043 1621 1216 1601 1410 1429 1242 1486 1148 BCNSPRNW ULIB Ver.6.0+V

เปลี่ยนเป็นภาษาไทย

Change to English
 แสดงรายละเอียดบรรณานุกรม
  กลับหน้าหลัก

Brief Record : Get Marc (ISO 2709) : E-mail record : QR code < ปิดหน้าต่าง
LEADER : 00000nam 2200000uu 4500
001    13399108176
003     ULIB
008    110220s2548||||th 000 0 tha d
060  4 WY18.2^bว587ม 2548
110 1  วิทยาลัยพยาบาลเครือข่ายภาคกลาง
245 00 สาระทบทวน วิชา การพยาบาลมารดาทารกและการผดุงครรภ์/^cวิทยาลัยพยาบาลเครือข่ายภาคกลาง
250    พิมพ์ครั้งที่ 1
260    กรุงเทพฯ:^bวิทยาลัยพยาบาลเครือข่ายภาคกลาง,^c2548
300    162
650  7 การพยาบาลมารดาและทารก^xคำถามและคำตอบ
945    ^p0^l0^i016685
945    ^p0^l0^i016683
945    ^p0^l0^i016681
945    ^p0^l0^i019184
945    ^p0^l0^i016684
945    ^p0^l0^i016682
995    ทศพร
999 ^a ใช้งานได้ทุกระบบ
รายการนี้ยังไม่มีแท็ก
คุณยังไม่ได้ล็อกอิน คุณสามารถมีกิจกรรมร่วมกับเว็บไซต์ได้ แต่ต้องล็อกอินก่อน ::
  ล็อกอิน

รายการสื่อสารสนเทศ

ลำดับที่ ประเภท เลขเรียก/บาร์โค้ด สถานที่ สถานะ
- ไม่พบข้อมูล -

BibComment


ยังไม่เคยถูกคอมเมนท์

คอมเมนท์ทรัพยากรรายการนี้
  คอมเมนท์: สาระทบทวน วิชา กา..


 Copyright 2026. Bcnsprnw @Library